Kinh nghiệm vận động đồng bào có đạo xây dựng khối đại đoàn kết toàn dân ở Đồng Nai

Gespeichert in:
Bibliographische Detailangaben
1. Verfasser: Nguyễn, Võ Uy Phong
Format: Buch
Sprache:Undetermined
Schlagworte:
Online Zugang:http://lrc.tdmu.edu.vn/opac/search/detail.asp?aID=2&ID=35320
Tags: Tag hinzufügen
Keine Tags, Fügen Sie den ersten Tag hinzu!
Thư viện lưu trữ: Trung tâm Học liệu Trường Đại học Thủ Dầu Một
LEADER 00727nam a2200145Ia 4500
001 TDMU_35320
008 210410s9999 xx 000 0 und d
082 |a 352.80959771 
100 |a Nguyễn, Võ Uy Phong 
245 0 |a Kinh nghiệm vận động đồng bào có đạo xây dựng khối đại đoàn kết toàn dân ở Đồng Nai 
245 0 |c Nguyễn Võ Uy Phong 
300 |a Tr.107-109 
650 |a Chính trị - Xã hôi; Kinh nghiệm; Vận động; Đồng bào có đạo; Đại đoàn kết toàn dân; Đồng Nai 
856 |u http://lrc.tdmu.edu.vn/opac/search/detail.asp?aID=2&ID=35320 
980 |a Trung tâm Học liệu Trường Đại học Thủ Dầu Một